000 00372nam a2200145Ia 4500
005 20250729165713.0
008 250729s2010 xx 000 0 und d
041 _aeng
082 _a325.25 RAOP
100 _aV K Rao
_9230965
245 _aPopulation Education
260 _aNew Delhi
_bA P H PUBLISHING
_c2010
300 _a257p
650 _aPopulation Education
_9230966
999 _c239045
_d239045